000
00295nam a22001217a 4500
003
SGT
082
_a
614
_b
P16P
100
_a
PARIKH, C.K
245
_a
PARIKH'S TB OF MEDICAL JURISPRUDENCE FORENSIC MEDICINE AND TOXICOLOGY
260
_a
INDIA
_b
CBS
_c
2016
300
_a
722
942
_2
ddc
_c
BK
_0
5
999
_c
15094
_d
15094